Diccionario de legislación escolar. (Record no. 44672)

MARC details
000 -LEADER
campo de control de longitud fija 00665nam a2200205 i 4500
001 - NÚMERO DE CONTROL
campo de control 44672
003 - IDENTIFICADOR DE NÚMERO DE CONTROL
campo de control ES-MaACL
005 - FECHA Y HORA DE LA ÚLTIMA TRANSACCIÓN
campo de control 20230906161056.0
007 - CAMPO FIJO DE DESCRIPCIÓN FÍSICA--INFORMACIÓN GENERAL
campo de control de longitud fija t|
008 - DATOS DE LONGITUD FIJA--INFORMACIÓN GENERAL
campo de control de longitud fija 151118s1936 sp ||||1| spa d
245 00 - MENCIÓN DEL TÍTULO
Título Diccionario de legislación escolar.
Nombre de parte o sección de la obra Apéndice del año 1935 /
Mención de responsabilidad, etc. por M. Medina Bravo.
260 ## - PUBLICACIÓN, DISTRIBUCIÓN, ETC.
Lugar de publicación, distribución, etc. Madrid :
Nombre del editor, distribuidor, etc. Revista de Pedagogía,
Fecha de publicación, distribución, etc. 1936.
300 ## - DESCRIPCIÓN FÍSICA
Extensión 95 p. ;
Dimensiones 19 cm.
490 1# - MENCIÓN DE SERIE
Mención de serie Colección legislativa escolar ;
Designación de volumen o secuencia 3
650 04 - PUNTO DE ACCESO ADICIONAL DE MATERIA--TÉRMINO DE MATERIA
Término de materia o nombre geográfico como elemento de entrada Enseñanza-
Subdivisión general Legislación-
Subdivisión geográfica España.
9 (RLIN) 12292
700 1# - ENTRADA AGREGADA--NOMBRE PERSONAL
Nombre de persona Medina Bravo, M.
9 (RLIN) 79726
830 0# - PUNTO DE ACCESO ADICIONAL DE SERIE-TÍTULO UNIFORME
Título uniforme Colección legislativa escolar ;
Designación de volumen o secuencia 3
9 (RLIN) 229906
852 ## - LOCALIZACIÓN
Ubicación ES-MaACL
Número de control de estantería E-5078
Holdings
Estatus retirado Estado de pérdida Estado de daño No para préstamo Colección Biblioteca de origen Biblioteca actual Ubicación en estantería Fecha de adquisición Fuente de adquisición Total de préstamos Signatura topográfica completa Código de barras Visto por última vez Precio de reemplazo Tipo de ítem Koha
        Colección de referencia Biblioteca del Ateneo de Madrid Biblioteca del Ateneo de Madrid Depósito 2 18/11/2015     E-5078 1194495 23/02/2023 23/02/2023 Libro impreso